000 00607nam a22001457a 4500
020 _a978-93-5009-081-7
082 _a823
_bTAN/M
100 _aTANNER, LIAN
245 _aMUSEUM OF THIEVES
260 _aUNITED KINGDOM
_bHACHETTE
_c2010
300 _a268
520 _aThe book is basically about a girl called Goldie Roth who lives in the tough city of Jewel. She finally decides to run away from this city of crime and finds herself in the Museum of Dunt, where she meets a boy named Toadspit. She finds out that the museum holds terrible and dark secrets.
650 _aNOVEL
_zUNITED KINGDOM
942 _cBK
999 _c4038
_d4038